00391nam a22001457a 450000500170000000800410001702200130005804100120007108200130008310000120009624500350010826000470014330000290019065000260021920240904080855.0240904b |||||||| |||| 00| 0 eng d a10246991 aEnglish a349 NAM  lEnglish aThe Namibian Law Reports 2023  aCape Town: bJuta and Company Ltd, c2023  bxx, 296 pages; c26 cm.  aLegal practice bLaw